000 00305nam a2200121Ia 4500
008 250327s9999 xx 000 0 und d
020 _a9781526494429
082 _bSCH
_aCQR
100 _aROBERT M. SCHINDLER
_934641
245 0 _aPRICING STRATEGIES: HARVESTING PRODUCT VALUE
260 _bSAGE
942 _cBK
999 _c7442
_d7442